000 00266nam a22001217a 4500
020 _a8176487805
082 _a150
100 _aJafar Mahmud
245 _aIntroduction to psychology
260 _aNew Delhi
_bA.P.H publishing
_c2004
300 _a315p
942 _cBK
999 _c2871
_d2871